Αναπτυξιακό φαινόμενο και τρίτος κόσμος : πολιτικές και διεθνές δίκαιο της ανάπτυξης
Αποθηκεύτηκε σε:
| Κύριος συγγραφέας: | |
|---|---|
| Μορφή: | Βιβλίο |
| Γλώσσα: | Greek |
| Δημοσίευση: |
Αθήνα :
Παπαζήσης,
1991
|
| Θέματα: | |
| Ετικέτες: |
Προσθήκη ετικέτας
Δεν υπάρχουν, Καταχωρήστε ετικέτα πρώτοι!
|
MARC
| LEADER | 00000cam a2200000 i 4500 | ||
|---|---|---|---|
| 001 | 1/59792 | ||
| 008 | 020328s1991 gre d | ||
| 020 | |a 960-02-0873-5 | ||
| 035 | |l 10000560 | ||
| 040 | |a GR-MY-UA |b gre |e aacr | ||
| 041 | 0 | |a gre | |
| 082 | 0 | |a 338.911724 | |
| 100 | 1 | |a Τσάλτας, Γρηγόρης Ι., |d 1950- | |
| 245 | 1 | 0 | |a Αναπτυξιακό φαινόμενο και τρίτος κόσμος : |b πολιτικές και διεθνές δίκαιο της ανάπτυξης / |c Γρηγόρης Ι. Τσάλτας |
| 260 | |a Αθήνα : |b Παπαζήσης, |c 1991 | ||
| 300 | |a 249 σ. | ||
| 650 | 0 | 0 | |a Economic development |z Developing countries. |
| 651 | 0 | |a Developing countries |x Economic policy. | |
| 852 | |a INST |b RHODES |e 20020328 |h 338.911724 ΤΣΑ |p 005400016595 |q 005400016595 |t BK |y 0 | ||
| 901 | |a BIBL4-2002-1 | ||
| 909 | |a Ρ |b 100990 | ||
| 970 | |a ΚΟΥΛΑΚΙΟΤΗ |b ΛΙΤΣΑ |z 2002/03/28 | ||